<?xml version="1.0" encoding="UTF-8"?>
<record
    xmlns:xsi="http://www.w3.org/2001/XMLSchema-instance"
    xsi:schemaLocation="http://www.loc.gov/MARC21/slim http://www.loc.gov/standards/marcxml/schema/MARC21slim.xsd"
    xmlns="http://www.loc.gov/MARC21/slim">

  <leader>01455    a2200229   4500</leader>
  <controlfield tag="001">53081</controlfield>
  <controlfield tag="005">20260407155804.0</controlfield>
  <controlfield tag="008">260407a1983    arg                 spa d</controlfield>
  <controlfield tag="003">AR-UNSa-BCEJYS</controlfield>
  <datafield tag="040" ind1=" " ind2=" ">
    <subfield code="a">AR-UNSa-BCEJYS</subfield>
    <subfield code="b">spa</subfield>
    <subfield code="c">AR-UNSa-BCEJYS</subfield>
  </datafield>
  <datafield tag="080" ind1=" " ind2=" ">
    <subfield code="a">330</subfield>
    <subfield code="x">Econom&#xED;a en general</subfield>
  </datafield>
  <datafield tag="245" ind1="1" ind2="0">
    <subfield code="a">An&#xE1;lisis econ&#xF3;mico input-output</subfield>
  </datafield>
  <datafield tag="020" ind1=" " ind2=" ">
    <subfield code="a">84-409-7396-1</subfield>
  </datafield>
  <datafield tag="264" ind1=" " ind2="1">
    <subfield code="a">Buenos Aires :</subfield>
    <subfield code="b">Hysp&#xE1;merica Ediciones Argentina</subfield>
    <subfield code="c">1983</subfield>
  </datafield>
  <datafield tag="300" ind1=" " ind2=" ">
    <subfield code="a">359 p.</subfield>
    <subfield code="c">20 cm.</subfield>
  </datafield>
  <datafield tag="505" ind1=" " ind2=" ">
    <subfield code="a">1. Propuesta para mejorar la bondad de nuestras previsiones econ&#xF3;micas(1964) - 2. An&#xE1;lisis econ&#xF3;mico input-ouput(1951) - 3. Salarios, beneficios, precios e impuestos (1947) - 4. La estructura del desarrollo(1963) - 5. Producci&#xF3;n interna y comercio exterior:Reexamen de la posici&#xF3;n estadounidense por lo que respecta al capital(1953) - 6. Las relaciones entre los factores y la estructura del comercio estadounidense:Nuevo an&#xED;lisis te&#xF3;rico y emp&#xED;rico(1956) - 7. An&#xE1;lisis input-output - 8. Estructura de la econom&#xED;a estadounidense(1965) - 9. Repercusiones econ&#xF3;micas del desarme(1961) - 10. Repercusiones econ&#xF3;micas-en los &#xE1;mbitos industrial y regional-de una reducci&#xF3;n de armamento(1965) - 11. An&#xE1;lisis input-output multirregional(1963)</subfield>
  </datafield>
  <datafield tag="041" ind1=" " ind2=" ">
    <subfield code="a">spa</subfield>
  </datafield>
  <datafield tag="942" ind1=" " ind2=" ">
    <subfield code="c">BK</subfield>
  </datafield>
  <datafield tag="590" ind1=" " ind2=" ">
    <subfield code="a">niveau_biblio:m niveau_hierar:0</subfield>
  </datafield>
  <datafield tag="100" ind1="1" ind2=" ">
    <subfield code="a">Leontief, Wassily</subfield>
  </datafield>
  <datafield tag="856" ind1="4" ind2="1">
    <subfield code="u">https://www.biblioeco.unsa.edu.ar/pmb/images/libros/L128439.jpg</subfield>
    <subfield code="y">Imagen de portada</subfield>
    <subfield code="q">image/jpeg</subfield>
  </datafield>
  <datafield tag="999" ind1=" " ind2=" ">
    <subfield code="c">5068</subfield>
    <subfield code="d">5068</subfield>
  </datafield>
  <datafield tag="952" ind1=" " ind2=" ">
    <subfield code="0">0</subfield>
    <subfield code="1">0</subfield>
    <subfield code="4">0</subfield>
    <subfield code="7">0</subfield>
    <subfield code="a">BCEJYS</subfield>
    <subfield code="b">BCEJYS</subfield>
    <subfield code="c">16</subfield>
    <subfield code="d">2026-04-07</subfield>
    <subfield code="l">0</subfield>
    <subfield code="o">330 L586n</subfield>
    <subfield code="p">L128439</subfield>
    <subfield code="r">2026-04-07 15:58:04</subfield>
    <subfield code="w">2026-04-07</subfield>
    <subfield code="y">L</subfield>
  </datafield>
</record>
